00226 a2200109 4500001000700000040003500007100001600042240002300058245001800081300000800099362000900107155195 cEscola São Tomás de Aquino aLIMA, Mirna10aPorta aberta lpor10aPorta aberta  a1920 a2015